Mary Poppins comes back / P.L. Travers ; ... Read More
Available copies
- 1 of 1 copy available at LARL/NWRL Consortium. (Show)
- 1 of 1 copy available at Northwest Regional Library.
Current holds
0 current holds with 1 total copy.
Show Only Available Copies
| Location | Call Number / Copy Notes | Barcode | Shelving Location | Status | Due Date |
|---|---|---|---|---|---|
| Hallock Public Library | j TRA (Text) | 35500003973201 | Main | Available | - |
Record details
- ISBN: 0152017194 (pbk.) :
- Physical Description: 296 p. : ill. ; 20 cm.
- Edition: 1st Harcourt Young Classic/Odyssey Classic eds.
- Publisher: Orlando, Fla. : Harcourt, 1997, c1963.
Content descriptions
| General Note: | "First published 1935"--t.p. verso. |
| Summary, etc.: | Pulled down from the clouds at the end of a kite ... Read More |
Search for related items by subject
| Subject: | Fantasy. Babysitters > Fiction. Family life > Fiction. Poppins, Mary (Fictitious character) > Fiction. |
| LDR | 01410cam a2200289Ia 4500 | ||
|---|---|---|---|
| 001 | 76327 | ||
| 003 | LARL_NWRL_CONSORTIUM | ||
| 005 | 20061018101224.0 | ||
| 008 | 971117r19971963flua j 000 1 eng d | ||
| 020 | . | ‡a0152017194 (pbk.) : ‡c$6.00 | |
| 024 | 3 | . | ‡a9780152017194 |
| 035 | . | ‡a(OCoLC)37948532 | |
| 040 | . | ‡aOCO ‡cOCO ‡dOCLCQ ‡dXY4 ‡dGZI | |
| 090 | . | ‡aPZ3.T689 ‡bMarcb 1997a | |
| 100 | 1 | . | ‡aTravers, P. L. ‡q(Pamela Lyndon), ‡d1899-1996. ‡0(LARL_NWRL_CONSORTIUM)55660 |
| 245 | 1 | 0. | ‡aMary Poppins comes back / ‡cP.L. Travers ; illustrated by Mary Shepard. |
| 250 | . | ‡a1st Harcourt Young Classic/Odyssey Classic eds. | |
| 260 | . | ‡aOrlando, Fla. : ‡bHarcourt, ‡c1997, c1963. | |
| 300 | . | ‡a296 p. : ‡bill. ; ‡c20 cm. | |
| 500 | . | ‡a"First published 1935"--t.p. verso. | |
| 520 | . | ‡aPulled down from the clouds at the end of a kite string, Mary Poppins is back. In Mary's care, the Banks children meet the King of the Castle and the Dirty Rascal, visit the upside-down world of Mr. Turvy and his bride, Miss Topsy, and spend a breathless afternoon above the park, dangling from a clutch of balloons. | |
| 650 | 1. | ‡aFantasy. ‡0(LARL_NWRL_CONSORTIUM)19981 | |
| 650 | 1. | ‡aBabysitters ‡vFiction. | |
| 650 | 1. | ‡aFamily life ‡vFiction. | |
| 650 | 1. | ‡aPoppins, Mary (Fictitious character) ‡vFiction. | |
| 700 | 1 | . | ‡aShepard, Mary, ‡d1909-2000. ‡0(LARL_NWRL_CONSORTIUM)48245 |
| 901 | . | ‡a76327 ‡bISxN ‡c76327 ‡tbiblio | |

Add to basket
Permalink
Disable Highlighting